000 00628nam 22002053 4500
001 200599
010 _a84-400-7684-3
021 _aES
_bS. 332-1974
090 _a200599
100 _a20260216d u||y0pory50 ba
200 _aLos Fantasmas de la luz
_fPablo Luis Avila
210 _aSalamanca
_cCalatrava
_dD.L.1974
215 _a130 p.
_cbrochado
_d22 cm
317 _a. - Oferta com dedicatória do escritor ao Prof. Dr. Almeida Faria
606 _93684
_aLiteratura Espanhola -- Poesia
675 _a821.134.2-1
_vES
_zspa
700 _916385
_aAvila
_bPablo Luis
_f1932-
801 _aPT
_bBMMN
_gRPC
830 _cAna
_fAna
990 _cLIVROS